| 000 | 00682nam a2200193 a 4500 | ||
|---|---|---|---|
| 005 | 20240830063941.0 | ||
| 008 | 060606s1971 mx r 000 0 spa d | ||
| 035 | _aUPN01000145182 | ||
| 049 | _aCG | ||
| 050 | 4 |
_aLB1043 _bM3.38 no.2 |
|
| 100 | 1 | _aLockridge, J. Preston | |
| 245 | 1 | 0 |
_aCómo mejorar el periódico mural y los tableros para avisos / _bJ. Preston Lockridge ; diseñado e il. por Gerda G. McMurry ; tr. de Gregorio Martínez Valdés. |
| 260 |
_aMéxico : _bPax-México, _c1971. |
||
| 300 |
_a67 p. : _bil. |
||
| 440 | 0 |
_aMateriales audiovisuales ; _v2 |
|
| 650 | 4 |
_aEnseñanza _vMateriales auxiliares _912548 |
|
| 650 | 4 |
_aDISEÑO DE CARTELES _97724 |
|
| 905 | _aLibro | ||
| 999 |
_c117329 _d117329 |
||